000 00445nam a22001697a 4500
005 20251108164912.0
008 250721s1965 xx 000 0 ara d
082 1 4 _a811.9611/مفد
100 1 _aزكريا، مفدى
245 1 0 _aتحت ظلال الزيتون /
264 1 _aتونس :
_bدار النشر،
_c1965.
300 _a172ص
650 1 7 _aالشعر العربي
650 1 7 _aتونس
942 _2ddc
_cBK
999 _c17049
_d17049